| 000 | 00371 a2200169 4500 | ||
|---|---|---|---|
| 001 | 189589 | ||
| 020 | _a9+78-85-7596-154-4 | ||
| 040 | _cMagnum | ||
| 100 | _aSantos, José | ||
| 240 | 1 | 0 |
_aCrianças do Brasil _lpor |
| 245 | 1 | 0 | _aCrianças do Brasil |
| 300 | _a96 | ||
| 362 | 0 | _a2008 | |
| 440 | 1 | _aPeirópolis | |
| 697 | _aLITERATURA INFANTO-JUVENIL | ||
| 942 | _cBK | ||
| 999 |
_c189589 _d189589 |
||